Premier League XIs 1995-96 - Statistics

General Stats
  • This quiz has been taken 208 times
  • The average score is 82 of 220
Answer Stats
Position Answer % Correct
DF Tony Adams Arsenal
89%
GK David Seaman Arsenal
85%
ST Ian Wright Arsenal
85%
DF Alan Wright Aston Villa
84%
DF Mark Wright Liverpool
84%
MF David Beckham Manchester United
82%
GK Peter Schmeichel Manchester United
82%
ST Alan Shearer Blackburn Rovers
81%
MF Roy Keane Manchester United
81%
MF Ryan Giggs Manchester United
78%
DF Gary Neville Manchester United
77%
ST Andy Cole Manchester United
76%
DF Denis Irwin Manchester United
76%
DF Henning Berg Blackburn Rovers
76%
ST Dwight Yorke Aston Villa
75%
ST Eric Cantona Manchester United
73%
ST Les Ferdinand Newcastle United
73%
GK David James Liverpool
72%
ST Robbie Fowler Liverpool
72%
ST Dennis Bergkamp Arsenal
71%
DF Lee Dixon Arsenal
71%
DF Martin Keown Arsenal
71%
MF Vinnie Jones Wimbledon
71%
MF Nicky Butt Manchester United
70%
DF Rob Jones Liverpool
70%
ST Teddy Sheringham Tottenham Hotspur
70%
DF Gary Pallister Manchester United
68%
DF Nigel Winterburn Arsenal
68%
DF Steve Bruce Manchester United
68%
ST Kevin Campbell Nottingham Forest
66%
DF Sol Campbell Tottenham Hotspur
66%
DF Steve Bould Arsenal
65%
ST Mark Hughes Chelsea
63%
MF Ray Parlour Arsenal
63%
MF Michael Hughes West Ham United
62%
MF Steve McManaman Liverpool
62%
GK Tim Flowers Blackburn Rovers
62%
MF Jamie Redknapp Liverpool
59%
ST Matt Le Tissier Southampton
59%
MF John Barnes Liverpool
58%
ST Dion Dublin Coventry City
57%
DF Des Walker Sheffield Wednesday
56%
MF Gary Speed Leeds United
56%
GK Ian Walker Tottenham Hotspur
56%
MF Ian Taylor Aston Villa
54%
ST Stan Collymore Liverpool
54%
DF Dave Watson Everton
53%
DF Gareth Southgate Aston Villa
53%
MF Paul Merson Arsenal
53%
MF Tim Sherwood Blackburn Rovers
53%
GK Neville Southall Everton
52%
DF Stuart Pearce Nottingham Forest
52%
ST Peter Beardsley Newcastle United
51%
DF Colin Hendry Blackburn Rovers
49%
MF Juninho Middlesbrough
49%
GK Mark Bosnich Aston Villa
49%
MF Rob Lee Newcastle United
49%
MF Trevor Sinclair Queens Park Rangers
49%
MF David Ginola Newcastle United
48%
DF David Lee Chelsea
48%
MF Dennis Wise Chelsea
48%
MF Gary McAllister Leeds United
48%
DF Gary Kelly Leeds United
47%
SW Ruud Gullit Chelsea
47%
MF Andrei Kanchelskis Everton
44%
MF David Platt Arsenal
44%
GK John Lukic Leeds United
44%
MF Nick Barmby Middlesbrough
44%
GK Steve Ogrizovic Coventry City
44%
MF Stuart Ripley Blackburn Rovers
44%
ST Tony Cottee West Ham United
44%
DF Ugo Ehiogu Aston Villa
44%
MF Clive Wilson Tottenham Hotspur
43%
MF David Batty Blackburn Rovers
43%
GK Dmitri Kharine Chelsea
43%
ST Niall Quinn Manchester City
43%
DF Phil Babb Liverpool
42%
ST Savo Milošević Aston Villa
41%
GK Shaka Hislop Newcastle United
41%
DF Warren Barton Newcastle United
41%
MF Andy Townsend Aston Villa
39%
ST Brian Deane Leeds United
39%
MF Lee Clark Newcastle United
39%
GK Mark Crossley Nottingham Forest
39%
ST Uwe Rösler Manchester City
39%
DF Darren Peacock Newcastle United
38%
ST David Hirst Sheffield Wednesday
38%
DF Paul Williams Coventry City
38%
ST Tony Yeboah Leeds United
38%
MF Georgi Kinkladze Manchester City
37%
DF Ian Nolan Sheffield Wednesday
37%
DF Julian Dicks West Ham United
37%
GK Luděk Mikloško West Ham United
37%
ST Paul Rideout Everton
37%
DF Steve Howey Newcastle United
37%
MF Carlton Palmer Leeds United
35%
ST Chris Armstrong Tottenham Hotspur
35%
DF Jimmy Phillips Bolton Wanderers
35%
DF John Scales Liverpool
35%
DF Steve Clarke Chelsea
35%
DF Andy Hinchcliffe Everton
34%
MF Andy Impey Queens Park Rangers
34%
DF David Unsworth Everton
34%
MF Garry Flitcroft Manchester City
34%
GK Kevin Pressman Sheffield Wednesday
34%
MF Robbie Earle Wimbledon
34%
MF Steve Stone Nottingham Forest
34%
MF Chris Waddle Sheffield Wednesday
33%
DF Gary Mabbutt Tottenham Hotspur
33%
MF Ian Woan Nottingham Forest
33%
DF Jeff Kenna Blackburn Rovers
33%
DF John Beresford Newcastle United
33%
MF Marcus Gayle Wimbledon
33%
DF Paul McGrath Aston Villa
33%
DF Richard Shaw Coventry City
33%
DF David Wetherall Leeds United
32%
ST Dean Holdsworth Wimbledon
32%
MF Eddie Newton Chelsea
32%
ST Efan Ekoku Wimbledon
32%
DF Justin Edinburgh Tottenham Hotspur
32%
DF Ken Monkou Southampton
32%
DF Peter Atherton Sheffield Wednesday
32%
ST Peter Ndlovu Coventry City
32%
MF Ruel Fox Tottenham Hotspur
32%
DF Tony Dorigo Leeds United
32%
MF Graham Stuart Everton
30%
DF Jason McAteer Liverpool
30%
DF Keith Curle Manchester City
30%
MF Kevin Richardson Coventry City
30%
MF Steve Lomas Manchester City
30%
DF Francis Benali Southampton
29%
MF Mark Draper Aston Villa
29%
DF Brian Borrows Coventry City
28%
DF Colin Cooper Nottingham Forest
28%
GK Dave Beasant Southampton
28%
GK Keith Branagan Bolton Wanderers
28%
ST Mike Newell Blackburn Rovers
28%
MF Alan Thompson Bolton Wanderers
27%
ST Bryan Roy Nottingham Forest
27%
ST Iain Dowie West Ham United
27%
ST John Spencer Chelsea
27%
DF Marcus Hall Coventry City
27%
DF Richard Hall Southampton
27%
DF Colin Calderwood Tottenham Hotspur
25%
MF Dan Petrescu Chelsea
25%
DF Dean Austin Tottenham Hotspur
25%
GK Gary Walsh Middlesbrough
25%
MF Keith Gillespie Newcastle United
25%
ST Kevin Gallen Queens Park Rangers
25%
MF Robbie Mustoe Middlesbrough
25%
MF Chris Bart-Williams Nottingham Forest
24%
MF David Howells Tottenham Hotspur
24%
DF Derek Whyte Middlesbrough
24%
MF Joe Parkinson Everton
24%
MF Nicky Summerbee Manchester City
24%
DF Steve Chettle Nottingham Forest
24%
ST Guy Whittingham Sheffield Wednesday
23%
DF Michael Duberry Chelsea
23%
GK Eike Immel Manchester City
22%
ST John McGinlay Bolton Wanderers
22%
DF Nigel Pearson Middlesbrough
22%
MF Paul Telfer Coventry City
22%
MF Scot Gemmill Nottingham Forest
22%
DF Chris Fairclough Bolton Wanderers
20%
DF Chris Morris Middlesbrough
20%
MF Mark Pembridge Sheffield Wednesday
20%
MF Øyvind Leonhardsen Wimbledon
20%
DF Andy Myers Chelsea
19%
DF Chris Perry Wimbledon
19%
DF Gary Charles Aston Villa
19%
DF Ian Brightwell Manchester City
19%
ST Neil Shipperley Southampton
19%
MF Steve Nicol Sheffield Wednesday
19%
DF Steve Potts West Ham United
19%
DF Chris Coleman Blackburn Rovers
18%
DF Craig Short Everton
18%
DF Des Lyttle Nottingham Forest
18%
DF Kenny Cunningham Wimbledon
18%
DF Neil Cox Middlesbrough
18%
DF Scott Green Bolton Wanderers
18%
MF Scott Sellars Bolton Wanderers
18%
DF Alan Stubbs Bolton Wanderers
16%
MF Barry Horne Everton
16%
MF Ian Holloway Queens Park Rangers
16%
DF Jason Dodd Southampton
16%
MF John Moncur West Ham United
16%
GK Juergen Sommer Queens Park Rangers
16%
DF Kit Symons Manchester City
16%
DF David Bardsley Queens Park Rangers
15%
ST Jan Åge Fjørtoft Middlesbrough
15%
MF Jim Magilton Southampton
15%
MF Barry Venison Southampton
14%
MF Danny Williamson West Ham United
14%
MF Simon Barker Queens Park Rangers
14%
DF Steve Vickers Middlesbrough
14%
MF Tomas Brolin Leeds United
14%
ST Daniele Dichio Queens Park Rangers
13%
DF Guðni Bergsson Bolton Wanderers
13%
MF John Ebbrell Everton
13%
MF Marc Degryse Sheffield Wednesday
13%
GK Paul Heald Wimbledon
13%
DF Rufus Brevett Queens Park Rangers
13%
DF Simon Charlton Southampton
13%
ST Fabien de Freitas Bolton Wanderers
11%
MF Jamie Pollock Middlesbrough
11%
DF John Pemberton Leeds United
11%
MF Lars Bohinen Blackburn Rovers
11%
MF Ian Bishop West Ham United
10%
MF John Salako Coventry City
10%
MF Saša Ćurčić Bolton Wanderers
10%
DF Tim Breacker West Ham United
10%
DF Alan Kimble Wimbledon
9%
DF Alan McDonald Queens Park Rangers
8%
DF Lee Briscoe Sheffield Wednesday
8%
DF Marc Rieper West Ham United
8%
DF Michael Frontzeck Manchester City
6%
MF Tommy Widdrington Southampton
5%
DF Alan Reeves Wimbledon
4%
DF Steve Yates Queens Park Rangers
4%
DF Ally Pickering Coventry City
3%
No matching quizzes found
Score Distribution
Percent of People with Each Score
Percentile by Number Answered
Your Score History
You have not taken this quiz